000 00654nam a2200181 i 4500
001 146365
003 ES-MaACL
005 20230906201516.0
007 t|
008 070907s1918 po ||||1| spa d
100 1 _aTrias Pujol, Joaquín.
_9199664
245 1 3 _aLa inyección de las redes de Purkinje y los linfáticos del endocardio /
_cpor Joaquín Trías Pujol.
260 _aLisboa :
_bInstituto de Anatomia da Universidade de Lisboa,
_c1918.
300 _aP. 135-149., [7] h. de lám. ;
_c26 cm.
595 _aExtraido do Vol. IV (nº 2, 3-1918) do Archivo de Anatomia e Anthropologia.
852 _aES-MaACL
_j1522-F-11
999 _c146365
_d146365